The persian boy /
Uloženo v:
| Hlavní autor: | |
|---|---|
| Médium: | Kniha |
| Jazyk: | angličtina |
| Vydáno: |
New York
Bantam Books
1974
|
| Tagy: |
Žádné tagy, Buďte první, kdo vytvoří štítek k tomuto záznamu!
|
MARC
| LEADER | 00000nam a22000007i 4500 | ||
|---|---|---|---|
| 001 | CDOM0000002470 | ||
| 003 | mi | ||
| 005 | 20251010101330.0 | ||
| 008 | 180328s1973 xxu|||||| ||||| |||||c | ||
| 040 | |c mi |b ita | ||
| 041 | |a eng | ||
| 100 | |a Renault, Mary | ||
| 245 | 1 | |a The persian boy / |c Mary Renault | |
| 260 | |a New York |b Bantam Books |c 1974 | ||
| 300 | |a 470 p. |c 18 cm. | ||
| 942 | |2 ddc |c BK | ||
| 952 | |0 0 |1 0 |2 ddc |4 0 |6 B_LNR02RENMAPER11 |7 0 |9 6003 |a MI |b MI |d 1987-11-27 |i 687 |l 0 |o B-LNR02-RENMA-PER11 |p CDOM687 |r 2025-07-13 16:28:00 |w 2025-07-13 |x DONO |y BK | ||
| 999 | |c 4795 |d 4795 | ||